LDR 01228naa#a2200169#i#450# 001 RU\\bibl\122184 005 20260430060048.4 011 ## _a2074-1626 100 ## _a20260416b2026####ek#y0rusy0150####ca 102 ## _aRU 200 1# _aО ЗНАЧЕНИИ СЕВЕРНОГО МОРСКОГО ПУТИ ДЛЯ БЕЗОПАСНОСТИ РОССИИ: ПЕРСПЕКТИВЫ РАЗВИТИЯ, НОВЫЕ ВЫЗОВЫ И УГРОЗЫ _eЖурнальная статья 210 1# _aСанкт-Петербург _cСанкт-Петербургский университет Государственной противопожарной службы Министерства Российской Федерации по делам гражданской обороны, чрезвычайным ситуациям и ликвидации последствий стихийных бедствий имени Героя Российской Федерации генерала армии Е.Н. Зиничева _d2026 215 ## _a8 с. 608 ## _aЖурнальная статья _2local 675 ## _aЭкономика транспорта и связи. 338.47 _z 700 #1 _aШеншин _gВиктор Михайлович 856 4# _ajournals.igps.ru _u